El buzón de sugerencias (Record no. 212213)
[ view plain ]
| 000 -CABECERA | |
|---|---|
| campo de control de longitud fija | 00701cam a22002057a 4500 |
| 003 - IDENTIFICADOR DEL NÚMERO DE CONTROL | |
| campo de control | MX-MxUPN |
| 005 - FECHA Y HORA DE LA ÚLTIMA TRANSACCIÓN | |
| campo de control | 20260306151318.0 |
| 008 - ELEMENTOS DE LONGITUD FIJA--INFORMACIÓN GENERAL | |
| campo de control de longitud fija | 241128s2001 mx| |||fr|||| 000 0 spa d |
| 020 ## - NÚMERO INTERNACIONAL NORMALIZADO PARA LIBROS | |
| Número Internacional Estándar del Libro | 9701865537 |
| 040 ## - FUENTE DE LA CATALOGACIÓN | |
| Centro catalogador/agencia de origen | MX-MxUPN |
| Lengua de catalogación | spa |
| 050 #0 - SIGNATURA TOPOGRÁFICA DE LA BIBLIOTECA DEL CONGRESO | |
| Número de clasificación | Z711 |
| Número de documento/Ítem | B89 2001 |
| 245 03 - MENCIÓN DE TÍTULO | |
| Título | El buzón de sugerencias |
| 250 ## - MENCIÓN DE EDICIÓN | |
| Mención de edición | Segunda edición corregida y aumentada |
| 260 ## - PUBLICACIÓN, DISTRIBUCIÓN, ETC. | |
| Lugar de publicación, distribución, etc. | México, D.F. : |
| Nombre del editor, distribuidor, etc. | Consejo Nacional para la Cultura y las Artes, |
| Fecha de publicación, distribución, etc. | c2001. |
| 300 ## - DESCRIPCIÓN FÍSICA | |
| Extensión | 27 páginas : |
| Otras características físicas | ilustraciones |
| 490 0# - MENCIÓN DE SERIE | |
| Mención de serie | Colección Apoyo a la capacitación bibliotecaria. Serie instructivos |
| 650 #2 - ASIENTO SECUNDARIO DE MATERIA - TERMINO TEMATICO | |
| Término de materia o nombre geográfico como elemento de entrada | Servicios bibliotecarios |
| 9 (RLIN) | 4811 |
| 902 ## - ELEMENTOS DE DATOS B LOCAL, LDB (RLIN) | |
| Creó | MarielOrtiz/281124 |
| Modificó | VíctorGodínez/051224 |
| 942 ## - ELEMENTOS DE PUNTO DE ACCESO ADICIONAL (KOHA) | |
| Fuente del sistema de clasificación o colocación | Library of Congress Classification |
| Tipo de ítem Koha | Folleto |
| Estado de retiro | Estado de pérdida | Fuente del sistema de clasificación o colocación | Estado dañado | No para préstamo | Código de colección | Localización permanente | Ubicación/localización actual | Ubicación en estantería | Fecha de adquisición | Total de préstamos | Clasificación | Código de barras | Fecha visto por última vez | Precio válido a partir de | Tipo de ítem Koha |
|---|---|---|---|---|---|---|---|---|---|---|---|---|---|---|---|
| Library of Congress Classification | Disponible (Préstamo en sala) | Folletería | Bib. Gregorio Torres Quintero | Bib. Gregorio Torres Quintero | Colecciones especiales Planta alta | 28/11/2024 | Z711 B89 2001 | 340437 | 28/11/2024 | 28/11/2024 | Folleto |
